Mammals

Bibliographic Details
Format: Book
Published: England : Newnes Books , 1985
Subjects:

MARC

LEADER 00000cam a2200000 7i4500
001 0000008571
002 000009341
005 20000330.0
020 |a 0600356620 
090 0 0 |a J 599   |b BUR 
245 1 0 |a Mammals   |c Robert Burton 
260 |a England :   |b Newnes Books ,   |c 1985 
300 |a 79 p. :   |b ill ;   |c 29 cm. 
650 0 0 |a Mammals   |x Encyclopedias 
999 |a 0002849   |b BUKU   |c PINJAMAN   |e PERPUSTAKAAN KOMUNITI PETALING JAYA